| 000 | 00677nam a2200193 a 4500 | ||
|---|---|---|---|
| 001 | 5830 | ||
| 003 | CDMR | ||
| 005 | 20131213134327.0 | ||
| 008 | 130220s1997||||||||||||||||||||||||||||d | ||
| 020 | _a8474238145 | ||
| 040 |
_aCDMR _bcat _cCDMR |
||
| 100 | 1 |
_aLarra, Mariano José de _92357 |
|
| 245 | 1 | 0 |
_aFígaro _b: colección de artículos dramáticos, literarios, políticos y de costumbres _cMariano José de Larra ; edición [...] de Alejandro Pérez Vidal ; con un estudio preliminar de Leonardo Romero |
| 260 |
_aBarcelona _bCrítica _c1997 |
||
| 300 |
_a796 p. ; _c22 cm |
||
| 490 | 0 |
_aBiblioteca clásica _v92 |
|
| 600 | 1 |
_92357 _aLarra, Mariano José de |
|
| 942 |
_cMON _2udc |
||
| 999 |
_c5830 _d5830 |
||